|
|
|
|
| LEADER |
00000nam a22000007a 4500 |
| 005 |
20220825231630.0 |
| 007 |
cr|||| |||| |
| 008 |
220825s2022 co |||||s|||| 00||0 spa d |
| 020 |
|
|
|a 978-958-784-927-1
|
| 035 |
|
|
|a 36954
|
| 040 |
|
|
|a vLex
|
| 090 |
|
|
|c 13849
|d 13849
|
| 100 |
1 |
|
|a Camacho Ramr̕ez, Adriana
|
| 245 |
1 |
0 |
|a Efectos del Covid-19 en Colombia
|h [Recurso electrn̤ico] :
|b Una visin̤ desde el derecho del trabajo y del empleo /
|c Adriana Camacho Ramr̕ez
|
| 256 |
|
|
|a Servicio en ln̕ea
|
| 260 |
|
|
|a Bogot:̀
|b Universidad del Rosario,
|c 2022
|
| 300 |
|
|
|a 1 recurso electrn̤ico
|
| 506 |
1 |
|
|a Disponible solo en los productos indicados
|d vLex Global
|d vLex Global (Academic Edition, excluding Law Schools)
|d vLex Global (U.S. Academic Edition, Law Schools)
|d vLex Global (U.S. Academic Edition, excluding Law Schools)
|d vLex Global (Academic Edition, Law Schools)
|
| 650 |
0 |
4 |
|a Derecho Laboral y Seguridad Social
|z Colombia
|
| 740 |
0 |
|
|a vLex Libros (Servicio en ln̕ea)
|
| 856 |
4 |
0 |
|u https://app.vlex.com/#/sources/36954
|z Acceso restringido
|
| 942 |
|
|
|c BOOK
|
| 999 |
0 |
|
|a Labor law and social security
|